| 000 | 01483cam a2200349 a 4500 | ||
|---|---|---|---|
| 999 |
_c6388 _d6388 |
||
| 001 | 15153117 | ||
| 005 | 20170703100938.0 | ||
| 008 | 080124s2007 enka b 001 0 eng d | ||
| 010 | _a 2008270943 | ||
| 015 |
_aGBA784699 _2bnb |
||
| 016 | 7 |
_a014101348 _2Uk |
|
| 020 | _a9780521846486 (hbk.) | ||
| 020 | _a052184648X (hbk.) | ||
| 020 | _a9780521608930 (pbk.) | ||
| 020 | _a0521608937 (pbk.) | ||
| 035 | _a(OCoLC)ocn149011709 | ||
| 040 |
_aUKM _cUKM _dBTCTA _dBAKER _dYDXCP _dC#P _dDLC |
||
| 042 | _alccopycat | ||
| 050 | 0 | 0 |
_aB775 _b.C244 2007 |
| 082 | 0 | 0 |
_a190/.9031 _222 |
| 245 | 0 | 4 |
_aThe Cambridge companion to Renaissance philosophy / _cedited by James Hankins. |
| 260 |
_aCambridge, UK ; _aNew York : _bCambridge University Press, _c2007. |
||
| 300 |
_axvi, 430 p. : _bill. ; _c23 cm. |
||
| 504 | _aIncludes bibliographical references (p. 361-400) and index. | ||
| 650 | 0 |
_aPhilosophy _xRenaissance _932674 |
|
| 700 | 1 |
_aHankins, James. _932677 |
|
| 856 | 4 | 2 |
_3Contributor biographical information _uhttp://www.loc.gov/catdir/enhancements/fy0808/2008270943-b.html |
| 856 | 4 | 2 |
_3Publisher description _uhttp://www.loc.gov/catdir/enhancements/fy0808/2008270943-d.html |
| 856 | 4 | 1 |
_3Table of contents only _uhttp://www.loc.gov/catdir/enhancements/fy0808/2008270943-t.html |
| 906 |
_a7 _bcbc _ccopycat _d2 _encip _f20 _gy-gencatlg |
||
| 942 |
_2lcc _cMONOGRAPH |
||